Subhamitra Banerjee Roychoudhury

Michigan A


Categories

History - World History2100406883.6713
Other - Geo/CE1200351462.6722
Beliefs - Religion03023084111.3301
Arts - Other Arts010010110110.0001
Beliefs - Religion010010103103.0000
History - Other History010010124124.0000
Thought - Philosophy000000.0000
History - Euro History0010-50.0000
History - American History0010-50.0000
Thought - Social Science0010-50.0000

Buzzes

Other - Geo/CESam Bankman-Fried1514
Thought - Social Sciencerhoticity-561
History - World Historylandlords1568
Other - Geo/CETamil Nadu1074
History - World HistoryArmenians1579
Beliefs - ReligionEnoch1084
History - Euro Historylepers-598
Other - Geo/CELouisiana10100
Beliefs - ReligionAkbar the Great10103
History - World HistoryJawaharlal Nehru10104